Plant propagation: principles and practices
Furkejuvvon:
| Váldodahkkit: | , , , |
|---|---|
| Materiálatiipa: | Girji |
| Giella: | eaŋgalasgiella |
| Almmustuhtton: |
Boston, USA.
Prentice Hall,
2011
|
| Preanttus: | 8th.edition |
| Fáttát: | |
| Liŋkkat: | Disponible Online |
| Fáddágilkorat: |
Lasit fáddágilkoriid
Eai fáddágilkorat, Lasit vuosttaš fáddágilkora!
|
MARC
| LEADER | 00000cam a2200000 a 4500 | ||
|---|---|---|---|
| 001 | UCF5524 | ||
| 003 | CL-VaPUC | ||
| 005 | 20250225123729.0 | ||
| 008 | 130318e20110000US |||||||||||||||||eng|d | ||
| 999 | |c 351038 |d 351036 | ||
| 020 | |a 9780135054413 | ||
| 040 | |c Pontificia Universidad Católica de Valparaíso | ||
| 082 | 0 | 4 | |a 631.53 HAR 2011 |2 21 |
| 100 | |a Hartmann, Hudson T |e author |9 567477 | ||
| 245 | 1 | 0 | |a Plant propagation: principles and practices |
| 250 | |a 8th.edition | ||
| 260 | |a Boston, USA. |b Prentice Hall, |c 2011 | ||
| 300 | |a 880 páginas | ||
| 583 | |a last modification |c 20130318 11:20:00 |k Rodrigo Vera | ||
| 650 | 0 | |a Propagación de plantas |9 339631 |x Métodos de propagación | |
| 650 | 0 | |a Cultivo in vitro |9 415387 | |
| 650 | 0 | |a Producción de semillas |9 403448 | |
| 700 | 0 | |a Kester, Dale E |e author |9 567478 | |
| 700 | 0 | |a Davies, Fred T |e author |9 567479 | |
| 700 | 0 | |a Geneve, Robert L |e author |9 567480 | |
| 856 | |u http://bibliografiadigital.pucv.cl.pucv.idm.oclc.org/index.php/bibliotecapucv/catalog/book/697 |z Disponible Online | ||
| 942 | |c BK |2 ddc | ||
| 945 | |d 20130318 00:00:00 |a dcastane | ||
| 952 | |0 0 |1 0 |4 0 |6 631_530000000000000_HAR_2011 |7 0 |8 A |9 454910 |a BIBAGR |b BIBAGR |d 2019-11-22 |i 4953983 |l 2 |o 631.53 HAR 2011 |p 4953983 |r 2025-01-20 |s 2022-08-17 |w 2019-11-22 |y BK |k AGR | ||
| 952 | |0 0 |1 0 |2 ddc |4 0 |6 631_530000000000000_HAR_2011 |7 0 |8 A |9 454911 |a BIBAGR |b BIBAGR |d 2019-11-22 |i 4953991 |l 1 |o 631.53 HAR 2011 |p 4953991 |r 2025-01-20 |s 2022-10-12 |w 2019-11-22 |y BK |k AGR | ||